मानस शास्त्र (Record no. 357403)
[ view plain ]
| 000 -LEADER | |
|---|---|
| fixed length control field | 00532nam a22001817a 4500 |
| 005 - DATE AND TIME OF LATEST TRANSACTION | |
| control field | 20250331155210.0 |
| 008 - FIXED-LENGTH DATA ELEMENTS--GENERAL INFORMATION | |
| fixed length control field | 240305b |||||||| |||| 00| 0 eng d |
| 041 ## - LANGUAGE CODE | |
| Language code of text/sound track or separate title | mar |
| 082 ## - DEWEY DECIMAL CLASSIFICATION NUMBER | |
| Edition number | 23 |
| Classification number | 610.73 |
| Item number | हलका |
| 100 ## - MAIN ENTRY--PERSONAL NAME | |
| Author | हलकारे, विजया |
| 245 ## - TITLE STATEMENT | |
| Title | मानस शास्त्र |
| Remainder of title | (Psychology) |
| 250 ## - EDITION STATEMENT | |
| Edition statement | 1 |
| 260 ## - PUBLICATION, DISTRIBUTION, ETC. | |
| Place of publication, distribution, etc. | Mumbai |
| Name of publisher, distributor, etc. | वोरा मेडिकल पब्लिकेशन |
| Date of publication, distribution, etc. | 2008 |
| 300 ## - PHYSICAL DESCRIPTION | |
| Extent | V;159P. |
| 650 ## - SUBJECT ADDED ENTRY--TOPICAL TERM | |
| Topical term or geographic name entry element | Psychology |
| 651 ## - SUBJECT ADDED ENTRY--GEOGRAPHIC NAME | |
| Geographic name | MISCELLNOUS |
| 942 ## - ADDED ENTRY ELEMENTS (KOHA) | |
| Koha item type | Donated Book |
| Withdrawn status | Lost status | Source of classification or shelving scheme | Damaged status | Not for loan | Home library | Current library | Date acquired | Vendor | Net Price | Bill number | Full call number | Barcode | Date last seen | Actual Price | Bill Date | Koha item type |
|---|---|---|---|---|---|---|---|---|---|---|---|---|---|---|---|---|
| Dewey Decimal Classification | Sitabai Nargundkar College of Nursing Nagpur | Sitabai Nargundkar College of Nursing Nagpur | 02/02/2024 | Donated by Avanti Institute of Cardiology Pvt. Ltd., Nagpur | 17.60 | IK#2023-24#00095 | 610.73 हलका | SNCN-DB-172 | 05/03/2024 | 70.00 | 01/02/2024 | Donated Book | ||||
| Dewey Decimal Classification | Sitabai Nargundkar College of Nursing Nagpur | Sitabai Nargundkar College of Nursing Nagpur | 02/02/2024 | Donated by Avanti Institute of Cardiology Pvt. Ltd., Nagpur | 17.60 | IK#2023-24#00095 | 610.73 हलका | SNCN-DB-173 | 05/03/2024 | 70.00 | 01/02/2024 | Donated Book | ||||
| Dewey Decimal Classification | Sitabai Nargundkar College of Nursing Nagpur | Sitabai Nargundkar College of Nursing Nagpur | 02/02/2024 | Donated by Avanti Institute of Cardiology Pvt. Ltd., Nagpur | 17.60 | IK#2023-24#00095 | 610.73 हलका | SNCN-DB-174 | 05/03/2024 | 70.00 | 01/02/2024 | Donated Book |